000 00642nam a2200277Ia 4500
005 20260324150429.0
008 008 260324s9999 xx 000 0 eng d
020 _a9780367853914
037 _aEBOOK
040 _aCRL
040 _beng
040 _cCRL
041 _2eng
041 _aeng
084 _qCRL
100 _aRobert Ackermann
_91226390
245 3 _aAn Introduction to Many-valued Logics
260 _bTaylor and Francis
260 _c1967
365 _a
365 _b135
856 _uhttp://www.taylorfrancis.com/books/9780367853914
942 _cEBOOK
999 _c1835826
_d1835826